00540nmm a2200169Ia 4500008004100000020001500041041000800056100002900064245006300093264005800156300001800214490004700232650001700279856005000296942000700346999001700353251105s9999||||xx |||||||||||||||||und|| a8495121328 aspa aVillegas López, Manuel 0aGrandes clásicos del cine. Pioneros, mitos e innovadores a[Madrid, España] :bEdiciones JC Clementine, c2005 a420 páginas aObras completas de Manuel Villegas López aFilm studies uhttps://public.digitaliapublishing.com/a/9206 cCF c73934d73934